Statistics for Airlines That Serve Wichita (ICT)

Click here to take the quiz!

General Stats

  • This quiz has been taken 12 times
  • The average score is 7 of 10

Answer Stats

CountryAnswer% Correct
USAAmerican Airlines
100%
USAAlaska Airlines
78%
USADelta Air Lines
78%
USAFrontier Airlines
78%
USASouthwest Airlines
78%
USAUnited Airlines
78%
USAAllegiant Air
67%
USAAmerican Eagle
67%
USAUnited Express
56%
USADelta Connection
44%

Score Distribution

Percentile by Number Answered

Percent of People with Each Score

Your Score History

You have not taken this quiz